Sportifs Italiens - Mort Subite - Statistiques

Statistiques générales
  • Ce quiz a été pris 308 fois
  • Le résultat moyen est 5 sur 30
Answers on the Grid
Answers color-coded by a green-red scale on the quiz's grid according to % correct below.
Alessandro Pittin
Jannik Sinner
Dario Cologna
Alex Vinatzer
Jarno Trulli
Fabian Cancellara
Marco Andretti
Jorge Lorenzo
Marco Asensio
Nikita Mazepin
Vitantonio Liuzzi
Valentino Rossi
David Philippaerts
Marco Matterazzi
Alberto Ascari
Andri Struzina
Marco Simoncelli
Filippo Farioli
Nikola Lozina
Gabriele Tarquini
Paolo Maschio
Nicolas Guidarelli
Omar Visintin
Fabio Di Giannantonio
Alex Cordaz
Giancarlo Fisichella
Andrea Iannone
Tony Rominger
Gianmaria Bruni
Tommaso Giacomel
Lukas Hofer
Lionel Messi
Pietro Barilla
Simone Grotzkyj
Marcell Jacobs
Franco Morbidelli
Giacomo Agostini
Émilio Alzamora
Abelardo Olivier
Pierre Bruno
Fabio Quartararo
Aldo Ghira
Vito Dell'Aquila
Louis Rossi
Elio De Angelis
Erno Crisa
Novak Djokovic
Fernando Alonso
 
Statistiques - réponses
Réponse % Correct
Jannik Sinner
71%
Marco Matterazzi
61%
Valentino Rossi
55%
Alberto Ascari
27%
Fabio Di Giannantonio
27%
Marco Simoncelli
26%
Giacomo Agostini
24%
Jarno Trulli
24%
Franco Morbidelli
23%
Marcell Jacobs
23%
Tommaso Giacomel
23%
Giancarlo Fisichella
22%
Filippo Farioli
18%
Vitantonio Liuzzi
18%
Lukas Hofer
16%
Andrea Iannone
14%
Elio De Angelis
13%
Alex Vinatzer
11%
Vito Dell'Aquila
11%
Alessandro Pittin
10%
Gabriele Tarquini
9%
Gianmaria Bruni
9%
Pierre Bruno
3%
Aldo Ghira
2%
Erno Crisa
2%
Omar Visintin
2%
David Philippaerts
1%
Abelardo Olivier
0%
Alex Cordaz
0%
Simone Grotzkyj
0%
Aucun quiz correspondant
Distribution des résultats
% des personnes avec chaque résultat
Percentile par nombre de réponses
Votre historique - résultats
Vous n’avez pas pris ce quiz